00819nam a2200217 i 450000100060000000300090000600500170001500700030003200800410003510000390007624501520011526000440026730000220031149000190033365000300035270000240038283000270040685200310043399900170046495201200048184311ES-MaACL20250926063051.0t|041122s1945 ag ||||1| spa d1 aJames, William, d1842-191096597813aEl pragmatismo b: un hombre para un pensar antiguo : lecciones populares de Filosofía / cWilliam James ; versión del inglés por León Poj. aBuenos Aires : bAméricalee, c[1945] a214 p. ; c21 cm.1 aLos moralistas07aPragmatismo2embne9163361 aPoj, León.9927790 aLos moralistas9231660 aES-MaACLjC-4411 bR.24220 c84311d84311 00104070aATENEOMbATENEOMcSPALd2008-01-17eSCl0oC-4411p1088112r2023-02-23 00:00:00w2023-02-23yMONOGRAFIA